| 000 | 00521nam a22002057a 4500 | ||
|---|---|---|---|
| 003 | OSt | ||
| 005 | 20150314102254.0 | ||
| 008 | 150128b xxu||||| |||| 00| 0 eng d | ||
| 020 | _a84-348-3667-X | ||
| 040 | _cBMC | ||
| 082 | _a808.068083 | ||
| 100 | 1 |
_aMateos, Pilar _920143 |
|
| 245 | 1 | 1 |
_a¡Qué desastre de niño! _cPilar Mateos |
| 250 | _a2ª ed | ||
| 260 |
_aMadrid _bSM _c[1992] |
||
| 300 |
_a58 p. _bil. _c19 cm |
||
| 490 |
_aEl barco de vapor _v228 |
||
| 650 | 2 | 4 |
_929811 _aCuentos infantiles |
| 942 |
_2ddc _cBK |
||
| 999 |
_c17807 _d17807 |
||